LEADER 00730nam a2200205 i 4500 001 000000177713 003 CaOOAMICUS 005 20090219000000.0 008 090219s1967 it u000 u mul u 013 $a155281 040 $aSeMil$bita 245 10$aLibri 9.-10. 300 $a353 p. 490 0 $aProsatori di Roma 700 1 $aLivius, Titus,$d<59 a.C.-17.d.C.>.$0(OLS)http://semarc/name/3415 773 0 $aLivius, Titus <59 a.C.-17.d.C.>$tStoria di Roma.$dBologna : N. Zanichelli, 1954.$w()6529 830 0$aProsatori di Roma.$0(OLS)http://semarc/title/5869 850 $aSeMil 852 $aSeMil$W1$xVenegono$y1$m1Z II 256$j128518$B128518$CSeMilBibl$Z2$F139449 $81 996 $6245$aLibri 9.-10$9(OLS)http://semarc/title/255244 LEADER 00820nam a2200193 4500 001 000000353248 003 CaOOAMICUS 005 20230327153025.0 008 230327s1953 it 000 u ita r 040 $aSeMil$bita 245 00$aNiccolò Copernico : $b1473-1543. 264 1$aRoma :$bAssociazione Italiana Per I Rapporti Culturali Con La Polonia,$c1953. 300 $a14 p. ;$c21 cm 600 14$aCopernico, Niccolò <1473-1543>.$0(OLS)http://semarc/subject/11692 850 $aSeMil 852 $aSeMil$W1$xVenegono$y1$m5B III 7/18$j238958$B244470$CSeMilBibl$Z2$F244470 $81 996 $6245$aNiccolò Copernico : $b1473-1543$9(OLS)http://semarc/title/443255 996 $6264$aRoma :$bAssociazione Italiana Per I Rapporti Culturali Con La Polonia$9(OLS)http://semarc/publisher/60897 LEADER 01243nam a2200265 4500 001 000000347716 003 CaOOAMICUS 005 20210907125646.0 008 210907s2020 it 000 u ita r 020 $a978-88-7642-687-2 040 $aSeMil$bita 100 1 $aSandoni, Luca.$0(OLS)http://semarc/name/114610 245 10$aAddomesticare la Rivoluzione :$bi principi del 1789 nella cultura cattolica francese del Secondo Impero /$cLuca Sandoni . 264 1$aPisa :$bEdizioni della Normale,$c2020. 300 $a371 p. ;$c24 cm 490 1 $aStudi ;$v48 650 4$aRivoluzione francese <1789-1799>.$0(OLS)http://semarc/subject/1257 650 4$aCattolicesimo e politica - Sec. 19.$0(OLS)http://semarc/subject/50932 830 0$aStudi ;$v48.$0(OLS)http://semarc/title/8720 850 $aSeMil 852 $aSeMil$W1$xVenegono$y1$m3U V 511$j228787$B238765$CSeMilBibl$Z2$F238765 $81 996 $6020$a978-88-7642-687-2$9(OLS)http://semarc/number/294048 996 $6245$aAddomesticare la Rivoluzione :$bi principi del 1789 nella cultura cattolica francese del Secondo Impero$9(OLS)http://semarc/title/437013 996 $6264$aPisa :$bEdizioni della Normale$9(OLS)http://semarc/publisher/36010 LEADER 00892nam a2200229 i 4500 001 000000053108 003 CaOOAMICUS 005 20150918000000.0 008 150918n it u000 u ita u 013 $a24280 040 $aSeMil$bita 245 10$aDall'Illuminismo alla fine dell'Ottocento. 300 $a359 p. 490 0 $aUniversale Laterza ;$v321 500 $aContiene : Bibliografia. 700 1 $aJonas, Friedrich <1926->.$0(OLS)http://semarc/name/1407 773 0 $aJonas, Friedrich <1926->$tStoria della sociologia.$dRoma ; Bari : Laterza & Figli, 1975.$g1$w()1557 830 0$aUniversale Laterza ;$v321.$0(OLS)http://semarc/title/6923 850 $aSeMil 852 $aSeMil$W1$xVenegono$y1$m3N V 364$j19262$B19262$CSeMilBibl$Z2$F19264 $81 961 $aOmaggio: Agenzia internazionale 996 $6245$aDall'Illuminismo alla fine dell'Ottocento$9(OLS)http://semarc/title/81733 LEADER 00897nam a2200241 i 4500 001 000000209864 003 CaOOAMICUS 005 20120120000000.0 008 120120s1968 it u000 u ita u 013 $a188655 040 $aSeMil$bita 100 1 $aEvely, Louis.$0(OLS)http://semarc/name/17054 245 12$aL'altra faccia dei sacramenti /$cLouis Evely. 260 $aTorino :$bGribaudi,$c1968. 300 $a76 p. ;$c19 cm. 490 0 $aIl chicco di senape ;$v5 650 4$aSacramenti - Studi.$0(OLS)http://semarc/subject/272 830 3$aIl chicco di senape ;$v5.$0(OLS)http://semarc/title/7700 850 $aSeMil 852 $aSeMil$W1$xVenegono$y1$m2D I 382$j160315$B160315$CSeMilBibl$Z2$F172012 $81 961 $aRecupero: Altro 996 $6245$aL'altra faccia dei sacramenti$9(OLS)http://semarc/title/303389 996 $6260$aTorino :$bGribaudi$9(OLS)http://semarc/publisher/31540 LEADER 01516nam a2200301 4500 001 000000366095 003 CaOOAMICUS 005 20260122162530.0 008 260121s2025 it a 000 u ita r 020 $a978-88-7511-499-2 040 $aSeMil$bita 100 1 $aMariani, Carlo,$c.$0(OLS)http://semarc/name/115240 245 13$aIl Pantheon della Concordia :$bstoria e restauri della Basilica di Seregno /$cCarlo Mariani ; con contributi di Chiara Ferrario ; fotografie originali Maurizio Esni ; realizzazione grafica Fabio Valtorta. 264 1$aSeregno :$bSeregn de la memoria,$c2025. 300 $a235 p. :$bill. ;$c31 cm 490 1 $aPomm granàa 650 4$aSeregno - Chiese - Basilica collegiata di San Giuseppe.$0(OLS)http://semarc/subject/12203 700 1 $aValtorta, Fabio.$0(OLS)http://semarc/name/123618 700 1 $aEsni, Maurizio.$0(OLS)http://semarc/name/37709 700 1 $aFerrario, Chiara.$0(OLS)http://semarc/name/123617 830 0$aPomm granàa.$0(OLS)http://semarc/title/23725 850 $aSeMil 852 $aSeMil$W1$xVenegono$y1$m3P V 623$j266548$B256863$CSeMilBibl$Z2$F256863 $81 961 $aScanziani don Francesco - Omaggio 996 $6020$a978-88-7511-499-2$9(OLS)http://semarc/number/305111 996 $6245$aIl Pantheon della Concordia :$bstoria e restauri della Basilica di Seregno$9(OLS)http://semarc/title/457784 996 $6264$aSeregno :$bSeregn de la memoria$9(OLS)http://semarc/publisher/33576